00578 a2200157 4500010001400000020002300014035001300037037001700050082001200067245011700079260004600196270010500242300003000347500002000377710002300397 aENG-85657 a8183700853c500.00 aEN-69190 bD.B.Act /Pub14a303.4821 aGlobalization and the changing scenario of cultural interactioncedited by N. Joykumar Singhbmanipur experience aNew DelhibAkansha Publishing Housec2007 a4649-B/21, Ansari Raod, DaryaganjbNew Delhie110 002k011-23263193, 9811582579mektabooks@yahoo.com axiv, 162 p.c22 cm ( Hb.) aIncludes index1 aSingh, N. Joykumar